Регионална библиотека "Любен Каравелов" - Русе

Слон и чадър (Запис номер 27635)

MARC детайли
000 -Лидер
Контролно поле с фиксирана дължина 01184nam a2200361 c 4500
003 - Код на организацията, давaща контролен номер
Контролно поле BLK
005 - Дата и час на последна редакция
Контролно поле 20250612131149.0
008 - Елементи от данни с фиксирана дължина
fixed length control field 180413b bul|||||r ||||||| ||bul||
010 ## - Наследен системен номер
LC control number KNG00030218000
020 ## - Международен стандартен номер на книга ISBN
Международен стандартен номер на книга ISBN 954-527-121-3
040 ## - Източник на каталожния запис
Идентификатор на билиотеката - собственик на записа BLK
041 ## - Код за език
Код за езика на текст/звукозапис или на отделно заглавие Български
Код за езика КДБФ Български
072 #7 - Код за тематичната категория
Код организация bullib
Код за тематична категория Я
Текст Автографи
080 ## - УДК
Текстов определител УДК Българска литература
УДК код - определител по УДК 821.163.2
УДК определител -93-34
УДК - код + определител 821.163.2-93-34
100 1# - Редна дума - Автор
Автор Дългъчева, Мая
Авторска отговорност първи автор
R(LIN) 269386
139 ## - Редно поле
Редна дума Дългъчева, Мая
Авторски знак Дъ - Д 95
245 10 - Сведения за заглавието
Заглавие Слон и чадър
Подзаглавни данни Приказка
Редно поле (дума) Мая Дългъчева; худож. Ивайло Николов.
257 ## - Страна на издаване
Страна на създаване/издаване България
260 ## - Област на издателските данни
Име на издателя, разпространителя и проч. Дамян Яков
Година на издаване 1999
Място на издаване, разпространение и проч. София
300 ## - Физическа характеристика
Страници 18 с.
Илюстрации и др. с ил.
Размери/Мащаб 28 см
380 ## - Жанр
Жанр Детска худож. лит.
500 ## - Общи забележки
Забележка Деп. списък: депозит сп.1
659 ## - Тематичен бюлетин
Тематичен бюлетин Я
700 1# - Други автори (авторска отговорност)
Лично име Николов, Ивайло
Автороска отговорност (Описва отношението между автора и произведението) худож.
9 (RLIN) 365451
852 ## - Местоположение
Форматна сигнатура Цб ІІ 10648
856 4# - Електронен адрес и достъп
Електронен формат pdf - файл
Път до файла /url/
856 4# - Електронен адрес и достъп
Електронен формат pdf - файл
Път до файла /url/
999 ## - СИСТЕМНИ КОНТРОЛНИ НОМЕРА
Koha biblionumber 27635
Koha biblioitemnumber 27635
942 ## - АРТИКУЛИ
Вид на библиотечния материал Книги
Скрит в OPAC Не
Koha issues (borrowed), all copies 15
Периодичен библиозапис Да
944 ## - СЪЗДАВАНЕ И РЕДАКЦИЯ на ЗАПИСА
Създаване/Редакция Създаване
Дата на регистрацията/редакция 03.06.2003
Служител, извършил регистрацията/редакцията 30564
Статус, дата на статуса Анна Гръцманова
944 ## - СЪЗДАВАНЕ И РЕДАКЦИЯ на ЗАПИСА
Създаване/Редакция Редакция
Дата на регистрацията/редакция 03.06.2003
999 ## - СИСТЕМНИ КОНТРОЛНИ НОМЕРА
Koha biblioitemnumber 27635
999 ## - СИСТЕМНИ КОНТРОЛНИ НОМЕРА
Koha biblioitemnumber 27635
Наличности
Код за отписване Код за изгубен артикул Източник на класификационната схема Код за повреда Коз за рестрикции Код за отдаване Артикулен № Име на библиотеката - собственик Име на библиотеката, в която се намира в момента Статус (Текущо местоположение) Дата на вписване в системата Местоположение - отдел Цена в лева Инвентарен номер Систематично азбучна сигнатура Баркод Номер на екземпляра Цена в евро Служебна бележка Служебен тип на артикула Бележка за публиката
  Не е изгубен Universal Decimal Classification Не е повреден без рестрикции ползва се в читалня 44583 Регионална библиотека "Любен Каравелов" Русе Регионална библиотека "Любен Каравелов" Русе Хранилище 2001-01-01 Хранилище 4.20 652702 Цб II 10648 120000652702 1 2.15 Дост: Dp Вид: Д N: стар фонд Дата: 01.01.2001 Книги  
  Не е изгубен Universal Decimal Classification Не е повреден без рестрикции ползва се в читалня 44584 Регионална библиотека "Любен Каравелов" Русе Регионална библиотека "Любен Каравелов" Русе Хранилище 2001-01-01 Основен фонд - ползва се само за читалня 4.20 667452 Цб II 10648 120000667452 2 2.15 Дост: Pk Вид: Ф N: стар фонд Дата: 01.01.2001 Книги Автограф : Мая Дългъчева
  Не е изгубен   Не е повреден без рестрикции заемане за дома 44585 Регионална библиотека "Любен Каравелов" Русе Регионална библиотека "Любен Каравелов" Русе Детски отдел 2003-05-29 Детски отдел 4.20 120000676508 ДХ 886.7/Д 95 120000676508 3 2.15 Дост: DA Вид: А N: 16 Дата: 29.05.2003 Дата инв: 13.08.2015 Бележки инв: Д2015 Книги  
Изтеглен Не е изгубен   Не е повреден без рестрикции заемане за дома 44586 Регионална библиотека "Любен Каравелов" Русе Регионална библиотека "Любен Каравелов" Русе Детски отдел 2003-05-29 Детски отдел 4.20 120000676509 ДХ 886.7/Д 95 120000676509 4 2.15 Дост: DA Вид: А N: 16 Дата: 29.05.2003 Дата инв: 13.08.2015 Бележки инв: Д2015 Книги  
  Не е изгубен   Не е повреден без рестрикции заемане за дома 44587 Регионална библиотека "Любен Каравелов" Русе Регионална библиотека "Любен Каравелов" Русе Детски отдел 2003-05-29 Детски отдел 4.20 120000676510 ДХ 886.7/Д 95 120000676510 5 2.15 Дост: DA Вид: А N: 16 Дата: 29.05.2003 Дата инв: 13.08.2015 Бележки инв: Д2015 Книги  
  Не е изгубен Universal Decimal Classification Не е повреден без рестрикции заемане за дома 44588 Регионална библиотека "Любен Каравелов" Русе Регионална библиотека "Любен Каравелов" Русе Детски отдел 2003-05-29 Детски отдел 4.20 120000676511 ДХ 886.7/Д 95 120000676511 6 2.15 Дост: DA Вид: А N: 16 Дата: 29.05.2003 Дата инв: 13.08.2015 Бележки инв: Д2015 Книги  
Vip Innovations Ltd, Rousse, Bulgaria 2025